000 03189cam a22006014i 4500
003 PE-LiUPU
005 20250731180149.0
008 150706s2011 pe a rb 000 0 spa d
020 _a9789972464669
035 _a(Sirsi) i9789972464669
040 _aPE-LiUPU
_bspa
_cPE-LiUPU
_erda
049 _aPRUA
082 0 4 _a574.012
_bS47
_221
100 1 _aShimabuku A., Luis,
_d1946-
_q(Shimabuku Azato),
_eautor.
245 1 0 _aMétodos para clasificar y dividir las cosas /
_cLuis Shimabulku A. y Ana K. Shimabuku M.
264 1 _aLima :
_bUniversidad Nacional Mayor de San Marcos, Fondo Editorial,
_c2011.
300 _a525 páginas :
_bilustraciones ;
_c23 centímetros
336 _atext
_2rdacontent
337 _aunmediated
_2rdamedia
338 _avolume
_2rdacarrier
504 _aIncluye bibliografía: p. 511-525.
505 0 _aLos métodos científicos -- El concepto y la definición -- Historia de la división y la clasificación -- Etapas históricas en el método de la división -- La división en la antigüedad y en la edad media -- La división en la edad moderna y contemporánea -- La jerarquía de los objetos como sistema de clasificación -- Distinción entre división y clasificación -- Los esquemas de clasificación -- Principios de la clasificación jerárquica -- La especie como categoría fundamental en una clasificación jerárquica -- Principales técnicas de clasificiación -- Diagramas y esquemas gráficos de las clasificaciones -- Aspectos simbólicos y lógicos de la clasificación -- Técnicas estadísticas de clasificación -- Los sistemas de información y clasificación -- Aplicaciones -- La nosografía y la clasificación de las enfermedades -- Las clasificaciones en las empresas -- Otras clasificaciones -- La clasificación dialéctica.
526 _aSEG44
526 _aSEG26
526 _aP159
526 _aP155
526 _aP154
526 _aP153
526 _aP150
526 _aP100
526 _aP31
526 _aP30
526 _aP26
526 _aP25
526 _aP24
526 _aP22
526 _aP15
526 _aP10
541 _g030-0013375;
541 _g181-0058231;
650 0 4 _aClasificación de las ciencias.
650 0 4 _aCiencia
_vTablas.
650 0 4 _aCiencia
_xMetodología.
700 1 _aShimabuku M., Ana K.
_qAna Karina Shimabuku Miyashiro.
910 _agl
_cng
_d20121210
942 _2ddc
_cBOOK
949 _a574.012 S47
_wDEWEY
_c1
_i65876
_lCCODEBUL1
_mBUL
_p17.00
_r0
_sY
_tBOOK
_u2015-7-6
_xFCE
_PP04
_o.STAFF. Colección General
949 _a574.012 S47
_wDEWEY
_c2
_i67619
_lCCODEBUL1
_mBUL
_p17.00
_r0
_sY
_tBOOK
_u2015-7-6
_xFCE
_zAGB
_o.STAFF. Colección General
994 _aC0
_bPEPRU
596 _a1
999 _a574.012 S47
_wDEWEY
_c54261
_i65876
_f2021-11-5
_g6
_lCCODEBUL1
_mBUL
_p17.00
_r0
_sN
_tBOOK
_u2015-7-6
_xBIBLIOTECA
_PP04
_0COMPRA
_o.STAFF. Colección General
_d54261
999 _a574.012 S47
_wDEWEY
_c2
_i67619
_f2021-11-5
_g6
_lCCODEBUL1
_mBUL
_p17.00
_r0
_sN
_tBOOK
_u2015-7-6
_xBIBLIOTECA
_zAGB
_0COMPRA
_o.STAFF. Colección General
980 _81
_gALBERTO SANCHEZ Responsable de Automatización